000 00230nam a2200097Ia 4500
001 812281
005 20250826171556.0
008 250824s9999 xx 000 0 und d
245 0 _aSAKAR BORA
_cÇAĞRI CEBECİ
260 _bGENÇ HAYAT
999 _c812281
_d812281